000 00449nam a2200145 4500
001 143195
003 ES-MaACL
007 t|
008 070214s1922 sp r ||||1| spa d
100 1 _aSerrano, Luciano.
_9105704
245 1 0 _aD. Mauricio
_b: obispo de Burgos y fundador de su catedral /
_cpor D. Luciano Serrano, O. S. B., Abad de SIlos.
260 _aMadrid :
_bBlass,
_c1922.
300 _a156 p. ;
_c25 x 18 cm.
852 _aES-MaACL
_jB-4940
999 _c143195
_d143195